000 00555nam a22001697a 4500
003 SGT
020 _a9788131516171
082 _a658, GRI
100 _aGRIFFIN W. RICKY
245 _aMANAGEMENT PRINCIPLES AND APPLICATIONS
250 _a10TH
260 _aNEW DELHI
_bCENGAGE LEARNING
_c2014
300 _a826
650 _aMANAGEMENT
653 _a. AN INTRODUCTION TO MANAGEMENT, THE ENVIRONMENTAL CONTEXT OF MANAGEMENT, PLANNING AND DECISION MAKING, THE LEADING PROCESS, THE ORGANIZING PROCESS, THE CONTROLLING PROCESS,
942 _2ddc
_cFCM
999 _c9117
_d9117